1272 1266 1725 1760 1395 1499 1369 1363 1593 1959 1569 1782 1523 1397 1802 1145 1428 1259 1397 1163 1197 1110 1875 1286 1111 1032 1420 1047 1606 1022 1796 1482 1580 1376 1761 1769 1202 1524 1353 1544 1055 1145 1391 1418 1636 1405 1609 1655 1630 1164 1570 1348 1813 1849 1683 1631 1970 1214 1969 1358 1073 1036 1652 1871 1722 1672 1969 1063 1892 1947 1305 1313 1354 1635 1160 1927 1756 1917 1654 1689 1823 1667 1380 1572 1643 1847 1097 1222 1688 1774 1849 1082 1663 1011 1787 1693 1060 1401 1090 BCNSPRNW ULIB Ver.6.0+V

เปลี่ยนเป็นภาษาไทย

Change to English
 แสดงรายละเอียดบรรณานุกรม
  กลับหน้าหลัก

Brief Record : Get Marc (ISO 2709) : E-mail record : QR code < ปิดหน้าต่าง
LEADER : 00000nam 2200000uu 4500
001    13399126013
003     ULIB
008    180427s2559||||th 000 0 tha d
020    ^a9786160027354
050    ^aนว^bพ289ภ
100  0  ^aพรรณสิริ.
245  1  ^aภูผามังกร /^cพรรณสิริ.
250    ^aพิมพ์ครั้งที่ 1.
260    ^aกรุงเทพฯ :^bPrincess,^c2559.
300    ^a419 หน้า ;^c21 ซม.
490  1  ^aชุดจอมใจพยัคฆ์
830    0 ^aชุดจอมใจพยัคฆ์.
850    ^aมบ.
945    ^p300^l0^i003427
999    ^aประนอม เกษจรัล
รายการนี้ยังไม่มีแท็ก
คุณยังไม่ได้ล็อกอิน คุณสามารถมีกิจกรรมร่วมกับเว็บไซต์ได้ แต่ต้องล็อกอินก่อน ::
  ล็อกอิน

รายการสื่อสารสนเทศ

ลำดับที่ ประเภท เลขเรียก/บาร์โค้ด สถานที่ สถานะ
1. นวนิยาย
นวนิยาย
นว พ289ภ ฉ.1 
  Barcode: 003427
ห้องสมุดวิทยาเขตนครสวรรค์
►นวนิยาย:l:Fiction
บนชั้น

BibComment


ยังไม่เคยถูกคอมเมนท์

คอมเมนท์ทรัพยากรรายการนี้
  คอมเมนท์: ภูผามังกร พรร..


 Copyright 2026. Bcnsprnw @Library